Nang và u lành tính vùng miệng hàm mặt

Đã lưu trong:
书目详细资料
主要作者: TRẦN VĂN TRƯỜNG
格式: 图书
语言:Undetermined
出版: H. Y Học 2002
主题:
标签: 添加标签
没有标签, 成为第一个标记此记录!
Thư viện lưu trữ: Trung tâm Học liệu Trường Đại học Cần Thơ
LEADER 00480nam a2200169Ia 4500
001 CTU_49950
008 210402s9999 xx 000 0 und d
082 |a 616.992 
082 |b Tr561 
100 |a TRẦN VĂN TRƯỜNG 
245 0 |a Nang và u lành tính vùng miệng hàm mặt 
245 0 |c TRẦN VĂN TRƯỜNG 
260 |a H. 
260 |b Y Học 
260 |c 2002 
650 |a oncology 
980 |a Trung tâm Học liệu Trường Đại học Cần Thơ